[Event "Clare Benedict Cup 22nd"]
[Site "Copenhagen"]
[Date "1977.??.??"]
[Round "5.2"]
[White "Ogaard, Leif"]
[Black "Hartston, William Roland"]
[Result "0-1"]
[WhiteElo "2420"]
[BlackElo "2475"]
[PlyCount "80"]
[EventDate "1977.02.13"]
[EventType "team-tourn"]
[EventRounds "7"]
[EventCountry "DEN"]
[SourceTitle "EXT 2002"]
[Source "ChessBase"]
[SourceDate "2001.11.25"]
[SourceVersion "1"]
[SourceVersionDate "2001.11.25"]
[SourceQuality "1"]
[WhiteTeam "Norge"]
[BlackTeam "England"]
[WhiteTeamCountry "NOR"]
[BlackTeamCountry "ENG"]

1. Nf3 c5 2. c4 Nf6 3. Nc3 e6 4. g3 d5 5. cxd5 Nxd5 6. Bg2 Nc6 7. O-O Be7 8.
Nxd5 exd5 9. d4 O-O 10. dxc5 Bxc5 11. Ng5 h6 12. Nh3 Bf5 13. Nf4 d4 14. Bd2 Rc8
15. Rc1 Bb6 16. b4 Qd7 17. a4 Rfe8 18. a5 Bd8 19. Nd3 b6 20. b5 Ne5 21. Nxe5
Rxe5 22. Bc6 Qe6 23. Re1 Bf6 24. axb6 axb6 25. Bf4 Rc5 26. e3 Bg4 27. Qd2 Rxc1
28. Qxc1 Bf3 29. Bxf3 Rxc1 30. Rxc1 g5 31. Rc6 Qf5 32. e4 Qxb5 33. Rxf6 gxf4
34. Rd6 fxg3 35. hxg3 Qc5 36. Rd5 Qc4 37. e5 Kf8 38. Kg2 Ke7 39. Rd6 b5 40. Rc6
Qb3 0-1

[Event "Clare Benedict Cup 22nd"]
[Site "Copenhagen"]
[Date "1977.??.??"]
[Round "5.2"]
[White "Rumens, David E"]
[Black "De Lange, Daan"]
[Result "1-0"]
[WhiteElo "2270"]
[BlackElo "2275"]
[PlyCount "82"]
[EventDate "1977.02.13"]
[EventType "team-tourn"]
[EventRounds "7"]
[EventCountry "DEN"]
[SourceTitle "EXT 2002"]
[Source "ChessBase"]
[SourceDate "2001.11.25"]
[SourceVersion "1"]
[SourceVersionDate "2001.11.25"]
[SourceQuality "1"]
[WhiteTeam "England"]
[BlackTeam "Norge"]
[WhiteTeamCountry "ENG"]
[BlackTeamCountry "NOR"]

1. e4 e5 2. Nf3 Nc6 3. Bb5 a6 4. Ba4 d6 5. c4 Bd7 6. d4 exd4 7. Nxd4 g6 8. Be3
Bg7 9. Nc3 Nge7 10. O-O O-O 11. Bc2 Nxd4 12. Bxd4 Bxd4 13. Qxd4 Nc6 14. Qd2 Be6
15. b3 Qf6 16. Rad1 Qg7 17. Rfe1 Rae8 18. Re3 Bg4 19. f3 Be6 20. Bb1 Ne5 21. f4
Ng4 22. Rg3 Nf6 23. Rf1 Bc8 24. f5 Re5 25. Rgf3 b5 26. fxg6 fxg6 27. Nd5 Nd7
28. Nxc7 Rxf3 29. Rxf3 bxc4 30. Qxd6 cxb3 31. axb3 Qe7 32. Qxe7 Rxe7 33. b4 Ne5
34. Ba2+ Kg7 35. Rc3 Ng4 36. h3 Nf6 37. Nd5 Rxe4 38. Rxc8 Nxd5 39. Bxd5 Rxb4
40. Rc7+ Kh8 41. Kf2 a5 1-0

[Event "Clare Benedict Cup 22nd"]
[Site "Copenhagen"]
[Date "1977.??.??"]
[Round "5.2"]
[White "Stean, Michael"]
[Black "Hoen, Ragnar Harald"]
[Result "0-1"]
[WhiteElo "2485"]
[BlackElo "2380"]
[PlyCount "85"]
[EventDate "1977.02.13"]
[EventType "team-tourn"]
[EventRounds "7"]
[EventCountry "DEN"]
[SourceTitle "EXT 2002"]
[Source "ChessBase"]
[SourceDate "2001.11.25"]
[SourceVersion "1"]
[SourceVersionDate "2001.11.25"]
[SourceQuality "1"]
[WhiteTeam "England"]
[BlackTeam "Norge"]
[WhiteTeamCountry "ENG"]
[BlackTeamCountry "NOR"]

1. c4 e5 2. Nc3 Nc6 3. g3 g6 4. Bg2 Bg7 5. Rb1 a5 6. d3 f5 7. f4 d6 8. Nf3 Nf6
9. O-O O-O 10. Kh1 Kh8 11. b3 Qe7 12. Bb2 exf4 13. gxf4 Be6 14. Qd2 Rae8 15.
Rbe1 Qd7 16. Ng5 Bg8 17. e4 b6 18. Nb5 h6 19. exf5 gxf5 20. Nf3 Bh7 21. Nh4 Nd8
22. Bh3 Rxe1 23. Rxe1 Ng4 24. Bxg4 fxg4 25. f5 Kg8 26. Bxg7 Qxg7 27. Qf4 h5 28.
h3 Qf6 29. Qg3 Bxf5 30. Nxc7 Bc8 31. hxg4 Qg5 32. Kh2 Bxg4 33. Nd5 Nc6 34. Re6
Ne5 35. Ne3 Nf3+ 36. Nxf3 Rxf3 37. Qg2 Qh4+ 38. Kg1 Qe1+ 39. Kh2 Qh4+ 40. Kg1
Qe1+ 41. Kh2 Rh3+ 42. Qxh3 Bxh3 43. Kxh3 0-1

[Event "Clare Benedict Cup 22nd"]
[Site "Copenhagen"]
[Date "1977.??.??"]
[Round "5.4"]
[White "Schauwecker, Meinrad"]
[Black "Clemens, Christian"]
[Result "1/2-1/2"]
[WhiteElo "2340"]
[BlackElo "2350"]
[PlyCount "115"]
[EventDate "1977.02.13"]
[EventType "team-tourn"]
[EventRounds "7"]
[EventCountry "DEN"]
[SourceTitle "EXT 2002"]
[Source "ChessBase"]
[SourceDate "2001.11.25"]
[SourceVersion "1"]
[SourceVersionDate "2001.11.25"]
[SourceQuality "1"]
[WhiteTeam "Schweiz"]
[BlackTeam "Vesttyskland"]
[WhiteTeamCountry "SUI"]
[BlackTeamCountry "GER"]

1. d4 f5 2. Nc3 d5 3. Bg5 g6 4. e3 Bg7 5. h4 h6 6. Bf4 c6 7. Bd3 Nf6 8. f3 O-O
9. g4 Nfd7 10. gxf5 gxf5 11. Qd2 e5 12. dxe5 Nxe5 13. O-O-O Nbd7 14. Qg2 Qf6
15. Nge2 Kh8 16. Ng3 Nxd3+ 17. cxd3 d4 18. Nh5 Qf7 19. Qxg7+ Qxg7 20. Nxg7 Kxg7
21. exd4 Nf6 22. Rde1 Rf7 23. Rhg1+ Kh7 24. Re5 Bd7 25. d5 Nxd5 26. Nxd5 cxd5
27. Rxd5 Be6 28. Rd6 Rc8+ 29. Kd2 Rc6 30. Rd8 Rg7 31. Rxg7+ Kxg7 32. h5 Rc8 33.
Rd6 Rc6 34. Rd8 Rc8 35. Rd4 Re8 36. a3 Re7 37. Ra4 Bd5 38. Ra5 Rd7 39. Be5+ Kf7
40. Ke3 a6 41. Rc5 Bc6 42. d4 Rd5 43. Rc3 Rd8 44. Kf4 Rg8 45. d5 Bxd5 46. Rc7+
Ke8 47. Rh7 Rg1 48. Rxh6 Rf1 49. Kxf5 Bxf3 50. Ke6 Bg4+ 51. Kd6 Rd1+ 52. Kc5
Bf3 53. Bd4 Ke7 54. Rh7+ Ke6 55. h6 b6+ 56. Kxb6 Rxd4 57. Kxa6 Rd8 58. b4
1/2-1/2

[Event "Clare Benedict Cup 22nd"]
[Site "Copenhagen"]
[Date "1977.??.??"]
[Round "5.4"]
[White "Wirthensohn, Heinz"]
[Black "Lehmann, Heinz"]
[Result "1/2-1/2"]
[WhiteElo "2390"]
[BlackElo "2465"]
[PlyCount "36"]
[EventDate "1977.02.13"]
[EventType "team-tourn"]
[EventRounds "7"]
[EventCountry "DEN"]
[SourceTitle "EXT 2002"]
[Source "ChessBase"]
[SourceDate "2001.11.25"]
[SourceVersion "1"]
[SourceVersionDate "2001.11.25"]
[SourceQuality "1"]
[WhiteTeam "Schweiz"]
[BlackTeam "Vesttyskland"]
[WhiteTeamCountry "SUI"]
[BlackTeamCountry "GER"]

1. c4 g6 2. Nc3 Bg7 3. g3 c5 4. a3 Nc6 5. Rb1 a5 6. Bg2 d6 7. d3 Bd7 8. Bd2 Nf6
9. Qc1 h6 10. Nf3 Qc8 11. O-O g5 12. Ne1 Bh3 13. Nc2 Bxg2 14. Kxg2 a4 15. b3
axb3 16. Rxb3 Nd4 17. Nxd4 cxd4 18. Nb5 Nd7 1/2-1/2

[Event "Clare Benedict Cup 22nd"]
[Site "Copenhagen"]
[Date "1977.??.??"]
[Round "5.3"]
[White "Janetschek, Karl"]
[Black "Andersson, Ulf"]
[Result "0-1"]
[WhiteElo "2335"]
[BlackElo "2565"]
[PlyCount "94"]
[EventDate "1977.02.13"]
[EventType "team-tourn"]
[EventRounds "7"]
[EventCountry "DEN"]
[SourceTitle "EXT 2002"]
[Source "ChessBase"]
[SourceDate "2001.11.25"]
[SourceVersion "1"]
[SourceVersionDate "2001.11.25"]
[SourceQuality "1"]
[WhiteTeam "strig"]
[BlackTeam "Sverige"]
[WhiteTeamCountry "AUT"]
[BlackTeamCountry "SWE"]

1. e4 c5 2. Nf3 e6 3. d4 cxd4 4. Nxd4 Nc6 5. Nc3 a6 6. Be3 Qc7 7. Be2 Nf6 8.
O-O b5 9. Nxc6 dxc6 10. f4 Bb7 11. e5 Rd8 12. Qe1 Nd7 13. Qg3 g6 14. Ne4 c5 15.
Ng5 Bg7 16. Nxf7 Kxf7 17. f5 Nxe5 18. fxg6+ Kg8 19. Rf7 Rd7 20. Bf4 Qc6 21.
Rxg7+ Rxg7 22. Bxe5 Rxg6 23. Bf3 Rxg3 24. Bxc6 Rg5 25. Bf6 Rg6 26. Bxb7 Rxf6
27. Bxa6 b4 28. a4 bxa3 29. Rxa3 Kg7 30. Bd3 Rd8 31. Ra7+ Rf7 32. Rxf7+ Kxf7
33. Bxh7 Rd2 34. Kf1 Kf6 35. Be4 Ke5 36. Ke1 Rd8 37. Bd3 Kd4 38. h4 Rh8 39. g3
Ke3 40. Bg6 Ra8 41. Kf1 Kf3 42. Ke1 e5 43. h5 e4 44. h6 Ra1+ 45. Kd2 Rh1 46. h7
e3+ 47. Kd3 Kf2 0-1

[Event "Clare Benedict Cup 22nd"]
[Site "Copenhagen"]
[Date "1977.??.??"]
[Round "5.3"]
[White "Schussler, Harry"]
[Black "Roth, Peter"]
[Result "1/2-1/2"]
[WhiteElo "2360"]
[BlackElo "2290"]
[PlyCount "81"]
[EventDate "1977.02.13"]
[EventType "team-tourn"]
[EventRounds "7"]
[EventCountry "DEN"]
[SourceTitle "EXT 2002"]
[Source "ChessBase"]
[SourceDate "2001.11.25"]
[SourceVersion "1"]
[SourceVersionDate "2001.11.25"]
[SourceQuality "1"]
[WhiteTeam "Sverige"]
[BlackTeam "strig"]
[WhiteTeamCountry "SWE"]
[BlackTeamCountry "AUT"]

1. e4 d6 2. d4 Nf6 3. Nc3 g6 4. Nf3 Bg7 5. Be2 O-O 6. O-O c6 7. a4 a5 8. Nd2
Nfd7 9. Nc4 Nb6 10. Be3 Nxc4 11. Bxc4 Nd7 12. Qd2 Nb6 13. Be2 d5 14. b3 dxe4
15. Nxe4 Nd5 16. Bg5 f5 17. Ng3 f4 18. c4 h6 19. cxd5 hxg5 20. Ne4 cxd5 21. Nc3
Kh7 22. Bf3 Be6 23. h3 Qd7 24. Rfe1 g4 25. hxg4 Bxg4 26. Bxg4 Qxg4 27. f3 Qh4
28. Nb5 Rf5 29. Qf2 Qh6 30. Rac1 Bf6 31. Rc7 Bh4 32. Rexe7+ Bxe7 33. Rxe7+ Kg8
34. Qe1 g5 35. Rxb7 Rc8 36. Rc7 Rxc7 37. Nxc7 Qc6 38. Qe7 Rf6 39. Nxd5 Qc1+ 40.
Kf2 Qd2+ 41. Kf1 1/2-1/2

[Event "Clare Benedict Cup 22nd"]
[Site "Copenhagen"]
[Date "1977.??.??"]
[Round "5.3"]
[White "Stoppel, Franz"]
[Black "Jansson, Borje"]
[Result "0-1"]
[WhiteElo "2335"]
[BlackElo "2380"]
[PlyCount "122"]
[EventDate "1977.02.13"]
[EventType "team-tourn"]
[EventRounds "7"]
[EventCountry "DEN"]
[SourceTitle "EXT 2002"]
[Source "ChessBase"]
[SourceDate "2001.11.25"]
[SourceVersion "1"]
[SourceVersionDate "2001.11.25"]
[SourceQuality "1"]
[WhiteTeam "strig"]
[BlackTeam "Sverige"]
[WhiteTeamCountry "AUT"]
[BlackTeamCountry "SWE"]

1. d4 Nf6 2. c4 e6 3. Nf3 b6 4. g3 Ba6 5. Qa4 c5 6. Bg2 Bb7 7. dxc5 Bxc5 8. O-O
O-O 9. Nc3 Qc8 10. Bg5 Be7 11. Rac1 d6 12. Rfd1 Rd8 13. Ne1 Bxg2 14. Nxg2 Nbd7
15. Bxf6 Nxf6 16. Ne3 Qb7 17. Rc2 a6 18. Qb3 Rab8 19. Rcd2 b5 20. cxb5 axb5 21.
a4 bxa4 22. Qxb7 Rxb7 23. Nxa4 Ra8 24. Nc3 d5 25. Rc1 g6 26. Ned1 Nd7 27. Rdc2
Kg7 28. Kg2 Bf6 29. f4 Rb4 30. Nf2 Rc8 31. Ncd1 Rxc2 32. Rxc2 Nb6 33. Nd3 Rb3
34. Nc5 Rb5 35. Kf3 Nc4 36. Nd3 Rb3 37. g4 e5 38. Kg2 e4 39. Nc1 Rxb2 40. Nxb2
Ne3+ 41. Kf2 Nxc2 42. Nd1 d4 43. g5 Be7 44. Nb3 Bd6 45. e3 dxe3+ 46. Nxe3 Nb4
47. Kg3 Bb8 48. h3 Kf8 49. Kg4 Ba7 50. Nc4 Nd3 51. Ne5 Be3 52. Nxd3 exd3 53.
Kf3 d2 54. Ke2 Bxf4 55. h4 Ke7 56. Nxd2 Bxd2 57. Kxd2 f5 58. gxf6+ Kxf6 59. Ke3
Kf5 60. Kf3 h5 61. Kg3 Ke4 0-1

[Event "Clare Benedict Cup 22nd"]
[Site "Copenhagen"]
[Date "1977.??.??"]
[Round "5.3"]
[White "Wahlbom, Magnus"]
[Black "Wittmann, Walter"]
[Result "1/2-1/2"]
[WhiteElo "2375"]
[BlackElo "2340"]
[PlyCount "81"]
[EventDate "1977.02.13"]
[EventType "team-tourn"]
[EventRounds "7"]
[EventCountry "DEN"]
[SourceTitle "EXT 2002"]
[Source "ChessBase"]
[SourceDate "2001.11.25"]
[SourceVersion "1"]
[SourceVersionDate "2001.11.25"]
[SourceQuality "1"]
[WhiteTeam "Sverige"]
[BlackTeam "strig"]
[WhiteTeamCountry "SWE"]
[BlackTeamCountry "AUT"]

1. e4 e5 2. Nf3 Nc6 3. Bc4 Nf6 4. d4 exd4 5. O-O Nxe4 6. Re1 d5 7. Bxd5 Qxd5 8.
Nc3 Qa5 9. Nxe4 Be6 10. Neg5 O-O-O 11. Nxe6 fxe6 12. Rxe6 Bd6 13. Bg5 Rde8 14.
Qe2 Kd7 15. Rxe8 Rxe8 16. Qd3 h6 17. Bd2 Qh5 18. h3 Ne5 19. Qb5+ Kc8 20. Nxd4
Bc5 21. Qa4 Qg6 22. Kh1 Rd8 23. c3 Qd3 24. Be3 Qe4 25. Rd1 Ng6 26. Qb5 Nh4 27.
Rg1 Rd5 28. Qb3 c6 29. Qc2 Qe5 30. Qe2 h5 31. f4 Qe7 32. Qf2 Bd6 33. Re1 Qf6
34. Bc1 Be5 35. Be3 Bc7 36. Nf3 Nf5 37. Ne5 g5 38. Bd4 Nxd4 39. cxd4 gxf4 40.
Nf3 Bb6 41. Re4 1/2-1/2

[Event "Clare Benedict Cup 22nd"]
[Site "Copenhagen"]
[Date "1977.??.??"]
[Round "6.4"]
[White "Andersson, Ulf"]
[Black "Larsen, Bent"]
[Result "1/2-1/2"]
[WhiteElo "2565"]
[BlackElo "2615"]
[PlyCount "78"]
[EventDate "1977.02.13"]
[EventType "team-tourn"]
[EventRounds "7"]
[EventCountry "DEN"]
[SourceTitle "EXT 2002"]
[Source "ChessBase"]
[SourceDate "2001.11.25"]
[SourceVersion "1"]
[SourceVersionDate "2001.11.25"]
[SourceQuality "1"]
[WhiteTeam "Sverige"]
[BlackTeam "Danmark"]
[WhiteTeamCountry "SWE"]
[BlackTeamCountry "DEN"]

1. c4 b6 2. Nf3 Bb7 3. g3 c5 4. Bg2 g6 5. O-O Bg7 6. Nc3 Nf6 7. Rb1 Nc6 8. b3
O-O 9. Bb2 d5 10. cxd5 Nxd5 11. Nxd5 Qxd5 12. a3 Bxb2 13. Rxb2 Rfd8 14. d3 Nd4
15. Qb1 Qh5 16. Nxd4 Bxg2 17. Kxg2 Rxd4 18. b4 Qd5+ 19. f3 Rd8 20. Rc1 c4 21.
Rxc4 Rxc4 22. dxc4 Qxc4 23. Rc2 Qe6 24. Qc1 b5 25. Qg1 a6 26. Qc5 Kg7 27. Qc6
Rd6 28. Qc8 Qd5 29. Qc5 Qxc5 30. Rxc5 Rd2 31. Kf2 Ra2 32. Rc3 g5 33. h3 f6 34.
f4 h6 35. Kf3 Kf7 36. f5 h5 37. g4 h4 38. Kf2 Ke8 39. Rd3 Rc2 1/2-1/2

[Event "Clare Benedict Cup 22nd"]
[Site "Copenhagen"]
[Date "1977.??.??"]
[Round "6.4"]
[White "Hamann, Svend"]
[Black "Wahlbom, Magnus"]
[Result "1/2-1/2"]
[WhiteElo "2465"]
[BlackElo "2375"]
[PlyCount "113"]
[EventDate "1977.02.13"]
[EventType "team-tourn"]
[EventRounds "7"]
[EventCountry "DEN"]
[SourceTitle "EXT 2002"]
[Source "ChessBase"]
[SourceDate "2001.11.25"]
[SourceVersion "1"]
[SourceVersionDate "2001.11.25"]
[SourceQuality "1"]
[WhiteTeam "Danmark"]
[BlackTeam "Sverige"]
[WhiteTeamCountry "DEN"]
[BlackTeamCountry "SWE"]

1. e4 c5 2. c3 e6 3. Nf3 Nc6 4. d4 d5 5. exd5 exd5 6. Bb5 Bd6 7. O-O Nge7 8.
dxc5 Bxc5 9. Nbd2 O-O 10. Nb3 Bd6 11. Bg5 Qc7 12. Re1 Bg4 13. h3 Bh5 14. Be2
Bg6 15. Nbd4 a6 16. Bd3 Qd7 17. Nxc6 Nxc6 18. Bxg6 hxg6 19. Qd3 f6 20. Be3 Qf7
21. Rad1 Rad8 22. g3 Bc7 23. Bc5 Rfe8 24. Rxe8+ Qxe8 25. Re1 Ne5 26. Nxe5 fxe5
27. Bd4 e4 28. Qe2 Qe6 29. Qg4 Qf5 30. a4 Bd6 31. Bb6 Rc8 32. Rd1 Bc5 33. Bxc5
Rxc5 34. Rd4 Qxg4 35. hxg4 Kf8 36. Kf1 Ke7 37. Ke2 Ke6 38. Ke3 g5 39. Rb4 b5
40. Kd4 Kd6 41. b3 Kc6 42. axb5+ axb5 43. c4 bxc4 44. bxc4 dxc4 45. Rxc4 Rxc4+
46. Kxc4 e3 47. fxe3 Kd6 48. Kd4 Ke6 49. e4 Kd6 50. e5+ Ke6 51. Ke4 g6 52. Kd4
Ke7 53. Kd5 Kd7 54. e6+ Ke8 55. Kd6 Kd8 56. e7+ Ke8 57. Ke6 1/2-1/2

[Event "Clare Benedict Cup 22nd"]
[Site "Copenhagen"]
[Date "1977.??.??"]
[Round "6.4"]
[White "Jansson, Borje"]
[Black "Rath, Ulrik"]
[Result "1/2-1/2"]
[WhiteElo "2380"]
[BlackElo "2420"]
[PlyCount "42"]
[EventDate "1977.02.13"]
[EventType "team-tourn"]
[EventRounds "7"]
[EventCountry "DEN"]
[SourceTitle "EXT 2002"]
[Source "ChessBase"]
[SourceDate "2001.11.25"]
[SourceVersion "1"]
[SourceVersionDate "2001.11.25"]
[SourceQuality "1"]
[WhiteTeam "Sverige"]
[BlackTeam "Danmark"]
[WhiteTeamCountry "SWE"]
[BlackTeamCountry "DEN"]

1. Nf3 Nf6 2. c4 c6 3. Nc3 d5 4. e3 Bg4 5. h3 Bxf3 6. Qxf3 e6 7. d4 Be7 8. Bd3
O-O 9. Bd2 Nbd7 10. cxd5 cxd5 11. O-O Nb6 12. Rfc1 Rc8 13. b3 Ba3 14. Rc2 Qe7
15. Bc1 a6 16. Bxa3 Qxa3 17. Rac1 Rc6 18. Qd1 Rfc8 19. Qd2 Qb4 20. Ne4 Qxd2 21.
Nxd2 Rxc2 1/2-1/2

[Event "Clare Benedict Cup 22nd"]
[Site "Copenhagen"]
[Date "1977.??.??"]
[Round "6.4"]
[White "Kristiansen, Jens"]
[Black "Schussler, Harry"]
[Result "1/2-1/2"]
[WhiteElo "2385"]
[BlackElo "2360"]
[PlyCount "47"]
[EventDate "1977.02.13"]
[EventType "team-tourn"]
[EventRounds "7"]
[EventCountry "DEN"]
[SourceTitle "EXT 2002"]
[Source "ChessBase"]
[SourceDate "2001.11.25"]
[SourceVersion "1"]
[SourceVersionDate "2001.11.25"]
[SourceQuality "1"]
[WhiteTeam "Danmark"]
[BlackTeam "Sverige"]
[WhiteTeamCountry "DEN"]
[BlackTeamCountry "SWE"]

1. Nf3 g6 2. c4 Bg7 3. e4 d6 4. d4 e5 5. d5 Nd7 6. Nc3 a5 7. Be2 Nc5 8. Be3 b6
9. h4 Nh6 10. Nd2 f5 11. f3 O-O 12. Qc2 fxe4 13. Ndxe4 Nf5 14. Qd2 Nd4 15. Nxc5
bxc5 16. O-O-O e4 17. fxe4 Qe7 18. Bd3 Bg4 19. Bg5 Qe5 20. Rdf1 a4 21. Bf4 Qe7
22. Bg5 Qe5 23. Bf4 Qe7 24. Bg5 1/2-1/2

[Event "Clare Benedict Cup 22nd"]
[Site "Copenhagen"]
[Date "1977.??.??"]
[Round "6.3"]
[White "Bellon Lopez, Juan Manuel"]
[Black "Hartston, William Roland"]
[Result "1/2-1/2"]
[WhiteElo "2415"]
[BlackElo "2475"]
[PlyCount "69"]
[EventDate "1977.02.13"]
[EventType "team-tourn"]
[EventRounds "7"]
[EventCountry "DEN"]
[SourceTitle "EXT 2002"]
[Source "ChessBase"]
[SourceDate "2001.11.25"]
[SourceVersion "1"]
[SourceVersionDate "2001.11.25"]
[SourceQuality "1"]
[WhiteTeam "Spanien"]
[BlackTeam "England"]
[WhiteTeamCountry "ESP"]
[BlackTeamCountry "ENG"]

1. d4 c5 2. Nf3 cxd4 3. Nxd4 d5 4. e4 dxe4 5. Bb5+ Bd7 6. Nc3 e5 7. Nf5 Nc6 8.
Nd6+ Bxd6 9. Qxd6 Nge7 10. Nxe4 Bf5 11. Bxc6+ Nxc6 12. Bg5 f6 13. Qxd8+ Rxd8
14. Nxf6+ gxf6 15. Bxf6 O-O 16. Bxd8 Rxd8 17. c3 Kf7 18. Rd1 Rg8 19. Rg1 Be6
20. f3 Ke7 21. b3 a5 22. Kf2 b5 23. Rge1 a4 24. bxa4 bxa4 25. Rd2 Na5 26. Rb2
a3 27. Rb5 Nc4 28. Rb7+ Kf6 29. Re2 Rg7 30. Rxg7 Kxg7 31. Re1 Nb2 32. Ra1 Na4
33. Rc1 Nb2 34. Ra1 Na4 35. Rc1 1/2-1/2

[Event "Clare Benedict Cup 22nd"]
[Site "Copenhagen"]
[Date "1977.??.??"]
[Round "6.3"]
[White "Keene, Raymond"]
[Black "Calvo Minguez, Ricardo"]
[Result "1/2-1/2"]
[WhiteElo "2510"]
[BlackElo "2420"]
[PlyCount "54"]
[EventDate "1977.02.13"]
[EventType "team-tourn"]
[EventRounds "7"]
[EventCountry "DEN"]
[SourceTitle "EXT 2002"]
[Source "ChessBase"]
[SourceDate "2001.11.25"]
[SourceVersion "1"]
[SourceVersionDate "2001.11.25"]
[SourceQuality "1"]
[WhiteTeam "England"]
[BlackTeam "Spanien"]
[WhiteTeamCountry "ENG"]
[BlackTeamCountry "ESP"]

1. c4 e5 2. Nc3 Nc6 3. Nf3 g6 4. d4 exd4 5. Nxd4 Bg7 6. Nxc6 bxc6 7. g3 Ne7 8.
Bg2 O-O 9. O-O Rb8 10. Qa4 d6 11. Qxa7 Be6 12. Qa4 Ra8 13. Qc2 Bxc4 14. Bg5 f6
15. Bd2 Qd7 16. Rfd1 Bf7 17. b3 Rab8 18. Bc1 g5 19. Bb2 Bg6 20. Qd2 Qe8 21.
Rac1 h6 22. e3 Kh8 23. Ne2 c5 24. Nc3 Bh7 25. Re1 Bg6 26. Red1 Bh5 27. Re1 Bf7
1/2-1/2

[Event "Clare Benedict Cup 22nd"]
[Site "Copenhagen"]
[Date "1977.??.??"]
[Round "6.3"]
[White "Martin Gonzalez, Angel"]
[Black "Webb, Simon"]
[Result "1-0"]
[WhiteElo "2340"]
[BlackElo "2430"]
[PlyCount "79"]
[EventDate "1977.02.13"]
[EventType "team-tourn"]
[EventRounds "7"]
[EventCountry "DEN"]
[SourceTitle "EXT 2002"]
[Source "ChessBase"]
[SourceDate "2001.11.25"]
[SourceVersion "1"]
[SourceVersionDate "2001.11.25"]
[SourceQuality "1"]
[WhiteTeam "Spanien"]
[BlackTeam "England"]
[WhiteTeamCountry "ESP"]
[BlackTeamCountry "ENG"]

1. e4 e6 2. d4 d5 3. Nd2 c5 4. Ngf3 Nc6 5. Bb5 a6 6. exd5 axb5 7. dxc6 bxc6 8.
dxc5 Bxc5 9. O-O Nf6 10. c4 bxc4 11. Nxc4 Qxd1 12. Rxd1 Nd5 13. Nd4 Ra4 14. b3
Ra6 15. Bb2 f6 16. a4 Ke7 17. Rac1 Bd7 18. Nd2 Bxd4 19. Bxd4 e5 20. Bc5+ Kf7
21. Ne4 f5 22. Nd6+ Ke6 23. Nc4 Rb8 24. Re1 Rxb3 25. Nxe5 Rxa4 26. Nxc6+ Kf6
27. Bd4+ Kg5 28. Bxg7 Nf4 29. Ne5 Bb5 30. Rb1 Rxb1 31. Rxb1 Ba6 32. h3 Nd3 33.
Nf3+ Kg6 34. Bc3 Ra3 35. Rb6+ Kf7 36. Ng5+ Ke7 37. Bf6+ Kd7 38. Nxh7 Kc7 39.
Re6 Rb3 40. Rxa6 1-0

[Event "Clare Benedict Cup 22nd"]
[Site "Copenhagen"]
[Date "1977.??.??"]
[Round "6.3"]
[White "Stean, Michael"]
[Black "Sanz Alonso, Francisco Javier"]
[Result "1-0"]
[WhiteElo "2485"]
[BlackElo "2350"]
[PlyCount "55"]
[EventDate "1977.02.13"]
[EventType "team-tourn"]
[EventRounds "7"]
[EventCountry "DEN"]
[SourceTitle "EXT 2002"]
[Source "ChessBase"]
[SourceDate "2001.11.25"]
[SourceVersion "1"]
[SourceVersionDate "2001.11.25"]
[SourceQuality "1"]
[WhiteTeam "England"]
[BlackTeam "Spanien"]
[WhiteTeamCountry "ENG"]
[BlackTeamCountry "ESP"]

1. Nf3 c5 2. c4 Nf6 3. Nc3 d5 4. cxd5 Nxd5 5. e3 Nxc3 6. bxc3 g6 7. Be2 Bg7 8.
O-O O-O 9. d4 Qc7 10. a4 Rd8 11. Ba3 b6 12. Qb3 Be6 13. Bc4 Bxc4 14. Qxc4 Nc6
15. dxc5 Ne5 16. Qe4 bxc5 17. Rab1 Rab8 18. Nxe5 Bxe5 19. g3 c4 20. Rb5 Rxb5
21. axb5 Bf6 22. Bb4 Rc8 23. Ra1 Qd7 24. Ra6 Qd3 25. Qb7 Re8 26. Rxa7 Bxc3 27.
Bxe7 Bg7 28. Ra8 1-0

[Event "Clare Benedict Cup 22nd"]
[Site "Copenhagen"]
[Date "1977.??.??"]
[Round "6.1"]
[White "Bichsel, Walter"]
[Black "De Lange, Daan"]
[Result "1/2-1/2"]
[WhiteElo "2265"]
[BlackElo "2275"]
[PlyCount "68"]
[EventDate "1977.02.13"]
[EventType "team-tourn"]
[EventRounds "7"]
[EventCountry "DEN"]
[SourceTitle "EXT 2002"]
[Source "ChessBase"]
[SourceDate "2001.11.25"]
[SourceVersion "1"]
[SourceVersionDate "2001.11.25"]
[SourceQuality "1"]
[WhiteTeam "Schweiz"]
[BlackTeam "Norge"]
[WhiteTeamCountry "SUI"]
[BlackTeamCountry "NOR"]

1. e4 e5 2. Nf3 Nc6 3. Bb5 a6 4. Ba4 d6 5. O-O Bd7 6. d4 b5 7. Bb3 Nxd4 8. Nxd4
exd4 9. c3 dxc3 10. Qh5 g6 11. Qd5 Be6 12. Qc6+ Bd7 13. Qxc3 Nf6 14. Re1 b4 15.
Qxb4 Be7 16. e5 dxe5 17. Rxe5 Be6 18. Ba4+ Nd7 19. Qe1 c6 20. Rxe6 fxe6 21.
Qxe6 Qc7 22. Nc3 Qe5 23. Qxe5 Nxe5 24. Bh6 O-O-O 25. Bg7 Nd3 26. Bxh8 Rxh8 27.
Bxc6 Nxb2 28. Nd5 Bc5 29. Rc1 Bxf2+ 30. Kf1 Rf8 31. Rc2 Bd4+ 32. Ke1 Nd3+ 33.
Kd2 Nc5 34. Ke1 Nd3+ 1/2-1/2

[Event "Clare Benedict Cup 22nd"]
[Site "Copenhagen"]
[Date "1977.??.??"]
[Round "6.1"]
[White "Helmers, Knut Jaran"]
[Black "Schauwecker, Meinrad"]
[Result "1-0"]
[WhiteElo "2305"]
[BlackElo "2340"]
[PlyCount "51"]
[EventDate "1977.02.13"]
[EventType "team-tourn"]
[EventRounds "7"]
[EventCountry "DEN"]
[SourceTitle "EXT 2002"]
[Source "ChessBase"]
[SourceDate "2001.11.25"]
[SourceVersion "1"]
[SourceVersionDate "2001.11.25"]
[SourceQuality "1"]
[WhiteTeam "Norge"]
[BlackTeam "Schweiz"]
[WhiteTeamCountry "NOR"]
[BlackTeamCountry "SUI"]

1. c4 Nf6 2. Nc3 e5 3. e3 d6 4. Nf3 Bg4 5. Be2 Nbd7 6. O-O Be7 7. h3 Bh5 8. b3
c6 9. Bb2 O-O 10. Rc1 Ne8 11. d4 f5 12. dxe5 dxe5 13. Nxe5 Bxe2 14. Nxe2 Nxe5
15. Bxe5 Qc8 16. Qd4 Rf7 17. Rcd1 Nf6 18. Qb2 Ne4 19. Ng3 Qe6 20. Nxe4 fxe4 21.
Qd4 Qg6 22. Bf4 h5 23. Qe5 Bf6 24. Qe6 Qh7 25. Rd7 g5 26. Bd6 1-0